000
00201nam a2200085Ia 4500
008
120527s9999 xx 000 0 und d
100
_a
Kagan, et al
245
_a
The Western Heritage to 1715
942
_c
BK
999
_c
27660
_d
27660